| 000 | 01247nam0a22003011 4500 | ||
|---|---|---|---|
| 001 | v19\rc\1522102 | ||
| 005 | 20250618172127.0 | ||
| 035 | _a(NLR Aleph) 004644198 | ||
| 090 |
_a3335223 _c3335223 |
||
| 100 | _a20060620d1886 |||y0rusy50 ca | ||
| 101 | 0 | _arus | |
| 102 | _aRU | ||
| 105 | _ay z ||||| | ||
| 200 | 1 |
_aВторой альбом на память о наших общих друзьях _e[Цитаты, пословицы] _f[Сост. А.Н. Острогорский] |
|
| 210 |
_aСанкт-Петербург _cтип. М.М. Стасюлевича _dценз. 1886 |
||
| 215 |
_a[2], 176 с. _d10х15 |
||
| 300 | _aСост. установлен по изд.: Сборник педагогических статей в честь... А.Н. Острогорского. Спб., 1907, с. 493 | ||
| 300 | _aЗагл. обл.: На память о наших общих друзьях | ||
| 512 | 0 | _aНа память о наших общих друзьях | |
| 702 | 1 |
_aОстрогорский _bА.Н. _4220 |
|
| 801 | 0 |
_aRU _bNLR _gpsbo |
|
| 801 | 0 |
_aRU _bRuMoRGB _2psbo |
|
| 801 | 1 |
_aRU _bProSoft-M _2rusmarc |
|
| 852 |
_aNLR _j18.119.8.20 |
||
| 852 |
_aNLR _j128/474 |
||
| 852 |
_aNLR _j80-2/3019 |
||
| 942 | _cBOOK | ||
| 980 | _aNB | ||